| 000 | 00671nam a2200265Ia 4500 | ||
|---|---|---|---|
| 008 | 170711s9999 xx 000 0 und d | ||
| 020 | _a157954452 | ||
| 050 | _a640 | ||
| 050 | _bJ796 2001 | ||
| 100 | _aGreen, Joey | ||
| 245 | _aMagic brands : | ||
| 245 | _b1185 brand-new uses for brand name products / | ||
| 245 | _cby Joey Green. | ||
| 260 | _aUSA : | ||
| 260 | _bRodale, | ||
| 260 | _c2001 | ||
| 300 | _ax, 374 pages : | ||
| 300 | _billustrations ; | ||
| 300 | _c23cm. | ||
| 500 | _aIncludes bibliographic reference and index. | ||
| 650 | _aBrand name products -- | ||
| 650 | _aHome economics. | ||
| 650 | _xUnited States. | ||
| 700 | _aTitle. | ||
| 999 |
_c339753 _d339753 |
||